Представление документа в формате MARC21

Поле Инд. ПП Название Значение
Тип записи a
Библиографический уровень m
001 Контрольный номер RU\PSKOV_OUNB\books\56882
005 Дата корректировки 20150513113548.6
008 Кодируемые данные 120523s y 1 rus u
020 a ISBN 978-5-373-04496-7 (Кн. 1)
020 a ISBN 978-5-373-04500-1
040 a Служба первич. каталог. ПОУНБ
a Служба первич. каталог. НБ ТвГУ
c Служба, преобразующая запись Тверская ОУНБ
080 a Индекс УДК 94(47)"1941"
084 a Индекс другой классификации/Индекс ББК Т3(2)622,11
090 a Полочн. индекс Т3(2)62
x Авторский знак Т 93
245 a Заглавие 1941 год. Страна в огне
b Продолж. заглавия историко-документальное издание : в 2 кн.
c Ответственность Рос. акад. наук, Ин-т всеобщ. истории, Нац. акад. наук Беларуси, Ин-т истории, Нац. акад. наук Украины, Ин-т истории ; редкол.: А. А. Коваленя, В. А. Смолий, А. О. Чубарьян
n Номер части/ раздела Кн. 1
p Название части/ раздела Очерки
260 a Место издания Москва
b Издательство ОЛМА Медиа Групп
c Дата издания 2011
300 a Объем 715 с., [16] л.
b Иллюстрации/ тип воспроизводства ил., карт., портр., факс.
504 a Библиография Библиогр. в подстроч. примеч.
520 a Аннотация Предлагаемая читателю книга представляет собой своего рода хрестоматию, в которой собраны важнейшие из ранее введенных в научный оборот документов и материалов, отражающих основные этапы и ключевые события предвоенного политического кризиса второй половины 1930-х гг., меры советского государства по укреплению обороноспособности СССР и упрочению его геостратегических пози­ций накануне нападения Германии, ход военных действий на фронтах Великой Отечественной войны. Впервые публикуется ряд документов из фондов Центрального архива Министерства обороны РФ, содержание которых позволяет дополнить представления о степени готовности СССР к войне летом 1941 г., уточнить ряд деталей драматичной картины Приграничного сражения.
Д окументы первой части труда отражают основные события, приведшие ко Второй мировой войне, характеризуют приготовления Германии к нападению и ведению войны на уничтожение против СССР, раскрывают усилия советского государственного и военного руководства по отражению агрессии.
653 a Ключевые слова 1941 г.
a Ключевые слова Великая Отечественная война
a Ключевые слова Внутренняя политика
a Ключевые слова История России
a Ключевые слова История СССР
a Ключевые слова Международные отношения
a Ключевые слова Россия
a Ключевые слова СССР
700 a Другие авторы Ржешевский Олег Александрович
e Роль лиц рук. проекта
700 1_ a Другие авторы Коваленя Александр Александрович
e Роль лиц ред.
700 1_ a Другие авторы Смолий В. А.
e Роль лиц ред.
700 1_ a Другие авторы Чубарьян Александр Оганович
e Роль лиц ред.
856 u URL http://texts.lib.tversu.ru/texts/993472ogl.pdf
901 t Тип документа m
920 a Оператор Стру
952 c Вид литературы К рн
954 a Дата поступления на обработку 20120724